Detalles MARC
| 000 -CABECERA |
| campo de control de longitud fija |
01945nam a2200241 a 4500 |
| 003 - IDENTIFICADOR DEL NÚMERO DE CONTROL |
| campo de control |
DO-SdBNP |
| 005 - FECHA Y HORA DE LA ÚLTIMA TRANSACCIÓN |
| campo de control |
20211014141928.0 |
| 007 - CAMPO FIJO DE DESCRIPCIÓN FÍSICA--INFORMACIÓN GENERAL |
| campo de control de longitud fija |
ta |
| 008 - DATOS DE LONGITUD FIJA--INFORMACIÓN GENERAL |
| campo de control de longitud fija |
211008e2016 dr ||||frgl|| 001 0 spa d |
| 020 ## - NÚMERO INTERNACIONAL ESTÁNDAR DEL LIBRO |
| Número Internacional Estándar del Libro |
9789945481778 |
| 040 ## - FUENTE DE LA CATALOGACIÓN |
| Centro catalogador/agencia de origen |
DO-SdBNP |
| Lengua de catalogación |
spa |
| Centro/agencia transcriptor |
BNPHU |
| 082 #4 - NÚMERO DE LA CLASIFICACIÓN DECIMAL DEWEY |
| Número de edición |
22 |
| Número de clasificación |
BNPHU |
| Número de documento/Ítem |
M671c |
| 100 1# - ENTRADA PRINCIPAL--NOMBRE DE PERSONA |
| Nombre de persona |
Mirabal Vargas, Leonardo L. |
| 9 (RLIN) |
80153 |
| 245 10 - MENCIÓN DE TÍTULO |
| Título |
Compendio de legislación inmobiliaria de la República Dominicana y leyes complementarias / |
| Mención de responsabilidad, etc. |
Leonardo Mirabal Vargas |
| 250 ## - MENCIÓN DE EDICIÓN |
| Mención de edición |
5a. edición revisada y actualizada. |
| 260 ## - PUBLICACIÓN, DISTRIBUCIÓN, ETC. |
| Lugar de publicación, distribución, etc. |
Santo Domingo : |
| Nombre del editor, distribuidor, etc. |
Centenario SRL, |
| Fecha de publicación, distribución, etc. |
2016 |
| 300 ## - DESCRIPCIÓN FÍSICA |
| Extensión |
1070 p. : |
| Otras características físicas |
il. ; |
| Dimensiones |
24 cm. |
| 500 ## - NOTA GENERAL |
| Nota general |
Incluye biografía del autor en la contracubierta. |
| 500 ## - NOTA GENERAL |
| Nota general |
Quinta edición revisada y actualizada con: Resoluciones número 9-2009 que modifica tasas por servicios en la Jurisdicciones Inmobiliarias; 21-0313 sobre requisitos ante los registradores de títulos; 1419-2013 sobre procedimientos diversos ante los registradores de títulos y las Direcciones Regionales de Mensuras catastrales; 21-0313 Requisitos ante los registradores de títulos; 3764-2014 Soluciones de Mensuras Superpuestas y 001-2016 que modifica el reglamento de los Tribunales Superiores de Tierras y Tribunales de Jurisdicción originales de la Jurisdicción Inmobiliaria. |
| 505 0# - NOTA DE CONTENIDO CON FORMATO |
| Nota de contenido con formato |
Parte 1-- |
| Título |
Reglamentos.- |
| Información miscelánea |
Parte 2-- |
| Título |
Resoluciones.-- |
| Información miscelánea |
Parte 3-- |
| Título |
Resoluciones de la Dirección Nacional de Registro de Títulos.-- |
| Información miscelánea |
Parte 4-- |
| Título |
Disposiciones del Comité Técnico de Registro de Títulos.-- |
| Información miscelánea |
Parte 5-- |
| Título |
Disposiciones Técnicas de Mensuras Catastrales.-- |
| Información miscelánea |
Parte 6-- |
| Título |
Desiciones de la Mesa de Políticas de la Jurisdicción Inmobiliaria.-- |
| Información miscelánea |
Parte 7-- |
| Título |
Circular Inspección Cartográfica.-- |
| Información miscelánea |
Parte 8-- |
| Título |
Resoluciones complementarias.-- |
| Información miscelánea |
Parte 9-- |
| Título |
Leyes Complementarias.-- |
| Información miscelánea |
Parte 10-- |
| Título |
Leyes Supletorias-- |
| Información miscelánea |
Parte 11-- |
| Título |
Otros asuntos de interés en la Jurisdicción Inmobiliaria. |
| 590 ## - NOTA LOCAL (RLIN) |
| Nota local |
Inventariado 2021 / MF |
| 942 ## - ELEMENTOS DE PUNTO DE ACCESO ADICIONAL (KOHA) |
| Fuente del sistema de clasificación o colocación |
Dewey Decimal Classification |
| Tipo de ítem Koha |
Libro |